00597nam a2200157 a 450000100100000000500170001000800410002704000250006811000830009324500680017626000390024430000250028304900090030895201050031799900170042200003195520200930063317.0110707s1993 dr 000 0 spa d aDO-SdBNPbspacBNPHU2 aSecretaría de Estado de Deportes, Educación Física y Recreación93689510aCampaña fronteriza de ejercicios fisicos :bandar y correr /. a[Santo Domingo] :bSEDEFIR,c1993. a7 p. :bil. ;c1993. aBNPD 0010718PDaPDbPDcCTd2011-07-07iLF1l0o p31955-10r2020-06-25w2020-06-25yLFPDZNo se presta c31446d31446